<?xml version="1.0" encoding="UTF-8"?><?xml-stylesheet type="text/xsl" href="static/style.xsl"?><OAI-PMH xmlns="http://www.openarchives.org/OAI/2.0/" xmlns:xsi="http://www.w3.org/2001/XMLSchema-instance" xsi:schemaLocation="http://www.openarchives.org/OAI/2.0/ http://www.openarchives.org/OAI/2.0/OAI-PMH.xsd"><responseDate>2026-04-18T20:12:34Z</responseDate><request verb="GetRecord" identifier="oai:recam.amb.cat:20.500.14439/1296" metadataPrefix="marc">https://recam.amb.cat/rest/oai/request</request><GetRecord><record><header><identifier>oai:recam.amb.cat:20.500.14439/1296</identifier><datestamp>2025-05-07T06:02:42Z</datestamp><setSpec>com_20.500.14439_4408</setSpec><setSpec>com_20.500.14439_125</setSpec><setSpec>col_20.500.14439_4409</setSpec></header><metadata><record xmlns="http://www.loc.gov/MARC21/slim" xmlns:dcterms="http://purl.org/dc/terms/" xmlns:xsi="http://www.w3.org/2001/XMLSchema-instance" xmlns:doc="http://www.lyncode.com/xoai" xsi:schemaLocation="http://www.loc.gov/MARC21/slim http://www.loc.gov/standards/marcxml/schema/MARC21slim.xsd">
   <leader>00925njm 22002777a 4500</leader>
   <datafield ind2=" " ind1=" " tag="042">
      <subfield code="a">dc</subfield>
   </datafield>
   <datafield ind2=" " ind1=" " tag="720">
      <subfield code="a">Àrea Metropolitana de Barcelona</subfield>
      <subfield code="e">author</subfield>
   </datafield>
   <datafield ind2=" " ind1=" " tag="260">
      <subfield code="c">2012-05-01</subfield>
   </datafield>
   <datafield ind2=" " ind1=" " tag="520">
      <subfield code="a">El parc està situat al sud-oest del nucli edificat de Gavà, al barri de les Panes. És una lleugeresa elevació del terreny, amb un paisatge dominat pel vermell de les roques i el verd fosc dels pins i els garrofers. És un paisatge antic, d'una austeritat serena, que  a la primavera s'esquitxa de color  amb la florida de gran quantitat d'herbes i arbusts. La pineda i el garroferar són els elements bàsics, que l'estructuren en dos sectors. Els colors de murs i paviments (vermells, terres i ocres) són els mateixos que els dels materials naturals de la zona.</subfield>
   </datafield>
   <datafield ind1="8" ind2=" " tag="024">
      <subfield code="a">https://hdl.handle.net/20.500.14439/1296</subfield>
   </datafield>
   <datafield ind1="8" ind2=" " tag="024">
      <subfield code="a">531036</subfield>
   </datafield>
   <datafield tag="653" ind2=" " ind1=" ">
      <subfield code="a">Parcs</subfield>
   </datafield>
   <datafield ind2="0" ind1="0" tag="245">
      <subfield code="a">Parc del Calamot: Pedres, pinyes i garrofes</subfield>
   </datafield>
</record></metadata></record></GetRecord></OAI-PMH>